00204 a2200109 4500001000700000020000600007040001100013100002800024240001900052245001400071362000900085172158 a  cMagnum aBrandao, Maria do Carmo10aFumacinhalpor10aFumacinha0 a1899